000 01011nam a22002657a 4500
005 20120411115531.0
008 120411t xxu||||| |||| 00| 0 eng d
010 _aENG-105338
020 _a9788189643218
_c795.00
035 _aEN-88871
037 _bDBAD/PUB
040 _aDPL
_bEng
082 _a355.0270954
100 _944715
_aKoithara, Verghese
245 _aManaging India's nuclear forces /
_cby Verghese Koithara
260 _aNew Delhi
_bRoutledge
_c2012
270 _a912 Tolstoy House,15-17 Tolstoy Marg,Cannaught Place,
_bNew Delhi
_e110001
300 _axx,294p.
_c22cm (Hb)
500 _aIncludes bibliographical references and index
650 _aStrategic forces
_zIndia
_947596
650 _aNuclear weapons
_zIndia.
_947597
651 _aIndia
_xMilitary policy.
_947599
942 _2ddc
_cEN
_mKOI
_h355.0270954
999 _c66976
_d66976